000 00695nam a2200289Ia 4500
005 20260324134415.0
008 008 260324s9999 xx 000 0 eng d
020 _a9781315096216
037 _aEBOOK
040 _aCRL
040 _beng
040 _cCRL
041 _2eng
041 _aeng
084 _qCRL
100 _aMaude Barlow; Tony Clarke
_91196701
245 0 _aBlue Gold
245 4 _bThe Battle Against Corporate Theft of the World's Water
260 _bTaylor and Francis
260 _c2002
365 _a
365 _b230
856 _uhttp://www.taylorfrancis.com/books/9781315096216
942 _cEBOOK
999 _c1796771
_d1796771